Фронтовая сестра: роман

Podrobná bibliografie
Hlavní autor: Вахер Л. Луйзе
Další autoři: Наэль О. (переводчик)
Jazyk:ruština
Vydáno: Таллинн, Ээсти раамат, 1989
Edice:ЭСП
Témata:
Médium: Kniha
KOHA link:https://koha.lib.tpu.ru/cgi-bin/koha/opac-detail.pl?biblionumber=134598

MARC

LEADER 00000nam0a2200000 4500
001 134598
005 20231031135727.0
010 |a 5450006926 
020 |a RU  |b 89-8346 
035 |a (RuTPU)RU\TPU\book\145902 
090 |a 134598 
100 |a 20080401d1989 m y0rusy5003 ca 
101 1 |a rus  |c est 
102 |a EE 
105 |a y z 000ay 
200 1 |a Фронтовая сестра  |e роман  |f Л. Вахер  |g пер. с эст. О. Наэль 
210 |a Таллинн  |c Ээсти раамат  |d 1989 
215 |a 287,[1] с.  |d 22 см 
225 1 |a ЭСП 
610 1 |a Великая Отечественная война 1941-1945 
610 1 |a романы 
675 |a 894.545  |z rus 
700 1 |a Вахер  |b Л.  |g Луйзе  |4 070 
702 1 |a Наэль  |b О.  |4 730 
801 0 |a RU  |b RuMRKP  |c 19950417  |g psbo 
801 1 |a RU  |b 63413507  |c 20080401  |g PSBO 
801 2 |a RU  |b 63413507  |c 20140217  |g PSBO 
942 |c BK